Every Song by Gorillaz - Statistics

General Stats
  • This quiz has been taken 1,521 times
    332 since last reset
  • The average score is 63 of 176
Answer Stats
Album Song % Correct
Gorillaz(2001) Clint Eastwood
94%
Demon Days(2005) Feel Good Inc.
93%
Demon Days(2005) Dare
85%
Plastic Beach(2010) Plastic Beach
84%
Demon Days(2005) Dirty Harry
82%
Cracker Island(2023) Cracker Island
80%
Plastic Beach(2010) Rhinestone Eyes
80%
Gorillaz(2001) 19-2000
76%
Demon Days(2005) Demon Days
75%
Plastic Beach(2010) On Melancholy Hill
74%
The Now Now(2018) Tranz
73%
Demon Days(2005) Kids with Guns
72%
Plastic Beach(2010) Empire Ants
70%
Demon Days(2005) El Mañana
69%
Plastic Beach(2010) Superfast Jellyfish
65%
The Now Now(2018) Humility
63%
Humanz(2017) She's My Collar
62%
Plastic Beach(2010) Stylo
62%
Demon Days(2005) O Green World
61%
Gorillaz(2001) Rock the House
61%
Gorillaz(2001) 5/4
60%
The Mountain(2026) The Happy Dictator
60%
Cracker Island(2023) New Gold
59%
Demon Days(2005) November Has Come
59%
Gorillaz(2001) Tomorrow Comes Today
59%
Demon Days(2005) Intro
58%
Humanz(2017) Saturnz Barz
53%
Demon Days(2005) Fire Coming Out of the Monkey's Head
52%
Plastic Beach(2010) Welcome to the World of the Plastic Beach
52%
The Mountain(2026) Damascus
51%
Demon Days(2005) Every Planet We Reach is Dead
51%
The Mountain(2026) The Mountain
51%
Demon Days(2005) White Light
51%
Demon Days(2005) Last Living Souls
50%
Gorillaz(2001) Re-Hash
49%
Song Machine, Season One:Strange Timez(2020) Désolé
48%
D-Sides(2007) | Demon Days(2005) Don't Get Lost in Heaven
48%
Plastic Beach(2010) Pirate Jet
48%
Demon Days(2005) All Alone
47%
Plastic Beach(2010) Broken
47%
Plastic Beach(2010) Orchestral Intro
47%
Gorillaz(2001) M1 A1
46%
Song Machine, Season One:Strange Timez(2020) Pac-Man
46%
The Mountain(2026) The God of Lying
45%
The Mountain(2026) The Manifesto
45%
Plastic Beach(2010) White Flag
45%
Humanz(2017) Andromeda
44%
Cracker Island(2023) Silent Running
44%
The Now Now(2018) Souk Eye
44%
Cracker Island(2023) Oil
43%
Gorillaz(2001) Punk
42%
Plastic Beach(2010) To Binge
42%
Gorillaz(Bonus)(2001) Dracula
41%
Plastic Beach(2010) Glitter Freeze
41%
Gorillaz(2001) New Genius (Brother)
41%
Cracker Island(2023) Baby Queen
40%
The Now Now(2018) Fire Flies
40%
G-Sides(2001) Left Hand Suzuki Method
40%
The Mountain(2026) Orange County
40%
Song Machine, Season One:Strange Timez(2020) Aries
39%
The Now Now(2018) Hollywood
39%
The Fall(2010) Revolving Doors
39%
Plastic Beach(2010) Sweepstakes
39%
Song Machine, Season One:Strange Timez(2020) The Valley of the Pagans
39%
Gorillaz(2001) Latin Simone (¿Qué Pasa Contigo?)
38%
Song Machine, Season One:Strange Timez(2020) Momentary Bliss
38%
Gorillaz(2001) Starshine
38%
Cracker Island(2023) Tarantula
38%
Cracker Island(2023) Tormenta
38%
Humanz(2017) Ascension
37%
The Now Now(2018) Kansas
37%
Gorillaz(2001) Sound Check (Gravity)
37%
Song Machine, Season One:Strange Timez(2020) Strange Timez
37%
Humanz(2017) Strobelite
37%
Plastic Beach(2010) Cloud of Unknowing
36%
The Now Now(2018) Idaho
36%
Gorillaz(2001) Double Bass
35%
Gorillaz(2001) Man Research (Clapper)
35%
D-Sides(2007) Murdoc is God
35%
Non-Album(2017) Sleeping Powder
35%
Cracker Island(2023) Skinny Ape
34%
Plastic Beach(2010) Some Kind of Nature
34%
The Mountain(2026) The Moon Cave
34%
Humanz(2017) Busted and Blue
33%
G-Sides(2001) Ghost Train
33%
Song Machine, Season One:Strange Timez(2020) The Lost Chord
33%
Humanz(2017) We Got the Power
33%
Meanwhile(2021) Jimmy Jimmy
32%
Demon Days(Bonus)(2005) People
32%
The Mountain(2026) The Hardest Thing
32%
Song Machine, Season One:Strange Timez(2020) The Pink Phantom
32%
The Mountain(2026) The Sad God
32%
Cracker Island(2023) The Tired Influencer
32%
The Singles Collection 2001-2011(2011) Doncamatic
31%
Song Machine, Season One:Strange Timez(2020) Friday 13th
31%
D-Sides(2007) Hong Kong
31%
The Now Now(2018) Lake Zurich
31%
The Now Now(2018) Magic City
31%
Meanwhile(2021) Meanwhile
31%
Humanz(2017) Momentz
31%
D-Sides(2007) Rockit
31%
Gorillaz(2001) Slow Country
31%
Non-Album(2012) DoYaThing
30%
Cracker Island(Bonus)(2023) Captain Chicken
29%
G-Sides(2001) 12D3
28%
The Fall(2010) Seattle Yodel
28%
D-Sides(2007) Bill Murray
27%
Humanz(2017) Let Me Out
27%
G-Sides(2001) Faust
26%
The Now Now(2018) Sorcererz
26%
Song Machine, Season One:Strange Timez(2020) Chalk Tablet Towers
25%
Humanz(2017) Charger
25%
Song Machine, Season One:Strange Timez(2020) Dead Butterflies
25%
The Now Now(2018) One Percent
25%
Cracker Island(2023) Possession Island
25%
Humanz(2017) Sex Murder Party
25%
The Fall(2010) Amarillo
24%
Humanz(2017) Carnival
24%
The Fall(2010) Detroit
24%
D-Sides(2007) Hongkongaton
24%
The Fall(2010) Little Pink Plastic Bags
24%
Cracker Island(Bonus)(2023) Controllah
23%
Cracker Island(Bonus)(2023) Crocadillaz
23%
D-Sides(2007) We Are Happy Landfill
23%
Meanwhile(2021) Déjà Vu
22%
The Mountain(2026) Delirium
22%
Humanz(2017) Submission
22%
Humanz(Bonus)(2017) Circle of Friendz
21%
D-Sides(2007) Stop the Dams
21%
Humanz(2017) Intro: I Switched My Robot Off
21%
The Mountain(2026) The Plastic Guru
21%
Humanz(Bonus)(2017) Garage Palace
20%
Humanz(2017) Hallelujah Money
20%
Song Machine, Season One: Strange Timez(Bonus)(2020) How Far?
20%
Humanz(2017) Interlude: Elevator Going Up
20%
The Fall(2010) The Joplin Spider
20%
Demon Days(Bonus)(2005) 68 State
19%
D-Sides(2007) Highway (Under Construction)
19%
The Fall(2010) Hillbilly Man
19%
G-Sides(2001) Hip Albatross
19%
The Fall(2010) Phoner to Arizona
19%
Plastic Beach(Bonus)(2010) Pirate's Progress
19%
G-Sides(2001) The Sounder
19%
Humanz(Bonus)(2017) Ticker Tape
19%
Non-Album(2001) 911
18%
Song Machine, Season One: Strange Timez(Bonus)(2020) MLS
18%
Song Machine, Season One: Strange Timez(Bonus)(2020) Opium
18%
D-Sides(2007) Spitting out the Demons
18%
Humanz(Bonus)(2017) The Apprentice
18%
The Mountain(2026) The Empty Dream Machine
18%
D-Sides(2007) | Demon Days(Bonus)(2005) The Swagga
18%
The Mountain(2026) The Sweet Prince
18%
Song Machine, Season One: Strange Timez(Bonus)(2020) With Love to an Ex
18%
The Fall(2010) Aspen Forest
17%
The Fall(2010) Bobby in Phoenix
17%
The Mountain(2026) Casablanca
17%
Humanz(2017) Interlude: The Non-Conformist Oath
17%
Humanz(Bonus)(2017) Out of Body
17%
The Mountain(2026) The Shadowy Light
17%
Humanz(2017) Interlude: The Elephant
16%
Song Machine, Season One: Strange Timez(Bonus)(2020) Severed Head
16%
Plastic Beach(Bonus)(2010) Three Hearts, Seven Seas, Twelve Moons
15%
Humanz(2017) Interlude: Penthouse
14%
Humanz(Bonus)(2017) Halfway to the Halfway House
13%
Humanz(Bonus)(2017) Interlude: New World
13%
The Fall(2010) Shy-Town
13%
Song Machine, Season One: Strange Timez(Bonus)(2020) Simplicity
13%
The Fall(2010) The Snake in Dallas
13%
The Fall(2010) California and the Slipping of the Sun
12%
Humanz(2017) Interlude:Talk Radio
12%
The Fall(2010) The Speak-It Mountains
12%
D-Sides(Bonus)(2007) Samba at 13
10%
The Fall(2010) The Parish of Space Dust
10%
Song Machine, Season One: Strange Timez(Bonus)(2020) Taxi Back to 80s Reykjavik
5%
No matching quizzes found
Score Distribution
Percent of People with Each Score
Percentile by Number Answered
Your Score History
You have not taken this quiz since the last reset